Statistics for French - Family

Click here to take the quiz!

General Stats

  • This quiz has been taken 489 times
  • The average score is 15 of 20

Answer Stats

FrenchEnglish% Correct
PèreFather
100%
MèreMother
99%
OncleUncle
99%
FrèreBrother
98%
SœurSister
98%
TantAunt
97%
Grand-pèreGrandfather
94%
Grand-mèreGrandmother
94%
HommeMan
87%
FemmeWoman
86%
Demi-sœurStep Sister
85%
Demi-frèreStep Brother
85%
FilsSon
78%
FilleDaughter
78%
AmiFriend
76%
Peit AmiBoyfriend
39%
Petite AmieGirlfriend
39%
CopainFriend
38%
Petit CopainBoyfriend
23%
Petite CopineGirlfriend
22%

Score Distribution

Percentile by Number Answered

Percent of People with Each Score

Your Score History

You have not taken this quiz